|
|
|
|
| LEADER |
02223nam a22005175i 4500 |
| 001 |
978-3-540-33356-2 |
| 003 |
DE-He213 |
| 005 |
20151204140641.0 |
| 007 |
cr nn 008mamaa |
| 008 |
100806s2006 gw | s |||| 0|eng d |
| 020 |
|
|
|a 9783540333562
|9 978-3-540-33356-2
|
| 024 |
7 |
|
|a 10.1007/11604228
|2 doi
|
| 040 |
|
|
|d GrThAP
|
| 050 |
|
4 |
|a R-RZ
|
| 072 |
|
7 |
|a MBGR
|2 bicssc
|
| 072 |
|
7 |
|a MED000000
|2 bisacsh
|
| 082 |
0 |
4 |
|a 610
|2 23
|
| 245 |
1 |
0 |
|a Polymers for Regenerative Medicine
|h [electronic resource] /
|c edited by Carsten Werner.
|
| 264 |
|
1 |
|a Berlin, Heidelberg :
|b Springer Berlin Heidelberg,
|c 2006.
|
| 300 |
|
|
|a XVI, 228 p.
|b online resource.
|
| 336 |
|
|
|a text
|b txt
|2 rdacontent
|
| 337 |
|
|
|a computer
|b c
|2 rdamedia
|
| 338 |
|
|
|a online resource
|b cr
|2 rdacarrier
|
| 347 |
|
|
|a text file
|b PDF
|2 rda
|
| 490 |
1 |
|
|a Advances in Polymer Science,
|x 0065-3195 ;
|v 203
|
| 505 |
0 |
|
|a T. Freier: Biopolyesters in Tissue Engineering Applications -- C. Werner, T. Pompe, K. Salchert: Modulating Extracellular Matrix at Interfaces of Polymeric Materials -- S. Varghese, J.H. Elisseeff: Hydrogels for Musculoskeletal Tissue Engineering -- X. Zhao, S. Zhang: Self-Assembling Nanopeptides Become a New Type of Biomaterials -- A.J. Garcia: Interfaces to Control Cell-Biomaterial Adhesive Interactions -- C. Fischbach, D.J. Mooney: Polymeric Systems for Bioinspired Delivery of Angiogenic Molecules.
|
| 650 |
|
0 |
|a Medicine.
|
| 650 |
|
0 |
|a Polymers.
|
| 650 |
|
0 |
|a Chemical engineering.
|
| 650 |
|
0 |
|a Medicinal chemistry.
|
| 650 |
|
0 |
|a Biomedical engineering.
|
| 650 |
1 |
4 |
|a Biomedicine.
|
| 650 |
2 |
4 |
|a Biomedicine general.
|
| 650 |
2 |
4 |
|a Industrial Chemistry/Chemical Engineering.
|
| 650 |
2 |
4 |
|a Polymer Sciences.
|
| 650 |
2 |
4 |
|a Medicinal Chemistry.
|
| 650 |
2 |
4 |
|a Medicine/Public Health, general.
|
| 650 |
2 |
4 |
|a Biomedical Engineering.
|
| 700 |
1 |
|
|a Werner, Carsten.
|e editor.
|
| 710 |
2 |
|
|a SpringerLink (Online service)
|
| 773 |
0 |
|
|t Springer eBooks
|
| 776 |
0 |
8 |
|i Printed edition:
|z 9783540333531
|
| 830 |
|
0 |
|a Advances in Polymer Science,
|x 0065-3195 ;
|v 203
|
| 856 |
4 |
0 |
|u http://dx.doi.org/10.1007/11604228
|z Full Text via HEAL-Link
|
| 912 |
|
|
|a ZDB-2-CMS
|
| 950 |
|
|
|a Chemistry and Materials Science (Springer-11644)
|